Rah-E-Islahat-E-Ijtemai (Record no. 2944)

MARC details
000 -LEADER
fixed length control field 00524nam a2200229 a 4500
020 ## - INTERNATIONAL STANDARD BOOK NUMBER
ISBN
082 00 - DEWEY DECIMAL CLASSIFICATION NUMBER
Classification number 261
Author Cutter ELD
100 ## - MAIN ENTRY--AUTHOR NAME
Author name Elder, John
245 ## - TITLE STATEMENT
Title Rah-E-Islahat-E-Ijtemai
260 ## - PUBLICATION, DISTRIBUTION, ETC. (IMPRINT)
Place of publication Tehran
Name of publisher Nur-I-Jahan
Year of publication 1948
300 ## - PHYSICAL DESCRIPTION
Number of Pages 121p
500 ## - GENERAL NOTE
General note includes index and biblioraphy
505 2# - FORMATTED CONTENTS NOTE
Formatted contents note Index
650 ## - SUBJECT ADDED ENTRY--TOPICAL TERM
Topical Term Theology-Social
942 ## - ADDED ENTRY ELEMENTS (KOHA)
Koha item type Books
Holdings
Home library Current library Date acquired Cost, normal purchase price Full call number Accession Number Koha item type
Henry Martyn Institute Library Henry Martyn Institute Library 07/10/2007 100.00 261 ELD 4454 Archive Book
                   Copyright © 2026 | Henry Martyn Institute | Hyderabad | TS-500052 | INDIA | Implemented by hmi.edu.in
Hit-Count:

Powered by Koha